Vista normal
Vista MARC
Entrada Topical Term
Número de registros utilizados en: 1
001 - CONTROL NUMBER
- control field: 60540
003 - CONTROL NUMBER IDENTIFIER
- control field: Utea
005 - DATE AND TIME OF LATEST TRANSACTION
- control field: 20260330151054.0
008 - FIXED-LENGTH DATA ELEMENTS
- fixed length control field: 260330|| aca||aabn | a|a d
040 ## - CATALOGING SOURCE
- Original cataloging agency: Utea
- Transcribing agency: Utea
150 ## - HEADING--TOPICAL TERM
- Topical term or geographic name entry element: TEORIA DE DELITO
670 ## - SOURCE DATA FOUND
- Source citation: Work cat.: (Utea)17707: Aguirre Loayza, Víctor Autor 58512, Derecho Penal : Libro 1, 2025